Métodos de análisis crítico del discurso /
Αποθηκεύτηκε σε:
| Κύριος συγγραφέας: | |
|---|---|
| Άλλοι συγγραφείς: | |
| Μορφή: | Κείμενο |
| Έκδοση: |
Barcelona:
Gedisa
|
| Θέματα: | |
| Ετικέτες: |
Προσθήκη ετικέτας
Δεν υπάρχουν, Καταχωρήστε ετικέτα πρώτοι!
|
MARC
| LEADER | 00000 a a2200000 04500 | ||
|---|---|---|---|
| 001 | 31080 | ||
| 003 | |||
| 040 | |||
| 020 | |a 84-7432-970-1 | ||
| 090 | |a 197304 | ||
| 100 | |a Wodak, Ruth | ||
| 245 | |a Métodos de análisis crítico del discurso / |c Ruth Wodak | ||
| 260 | |a Barcelona: |b Gedisa | ||
| 300 | |a 285 p. | ||
| 500 | |a Traducción de: Methods of Critical Discourse Analysis | ||
| 650 | |a DISCURSOS | ||
| 650 | |a TEORIA | ||
| 650 | |a LINGUISTICA | ||
| 650 | |a VALORES SOCIALES | ||
| 650 | |a INFLUENCIA SOCIAL | ||
| 650 | |a ANALISIS DE CONTENIDO | ||
| 650 | |a ANALISIS HISTORICO | ||
| 650 | |a METODOLOGIA | ||
| 650 | |a INVESTIGACION SOCIAL | ||
| 650 | |a ESTUDIOS DE CASOS | ||
| 650 | |a DISCRIMINACION | ||
| 650 | |a DESIGUALDAD SOCIAL | ||
| 700 | |a comp. |a Meyer, Michael |a comp. | ||
| 999 | |c 13159 |d 13159 | ||



